| 000 | 00741nam a22002177a 4500 | ||
|---|---|---|---|
| 999 |
_c17218 _d17218 |
||
| 003 | AR-CdUCM | ||
| 008 | 190504b ||||| |||| 00| 0 spa d | ||
| 040 |
_aMUNICIPALIDAD PROVINCIAL DEL CUSCO _cBIBLIOTECA MUNICIPAL DEL CUSCO |
||
| 082 |
_a137 / _bR94 |
||
| 100 |
_aKünkel, Fritz _937099 |
||
| 245 | _aIntroducción a la caracterología / | ||
| 260 |
_aBuenos Aire : _bPsique, _c1966. |
||
| 300 |
_a220 páginas ; _c21 cm. |
||
| 505 | _aContenido : La forma del carácter -- El desarrollo del carácter -- El carácter en la vida cotidiana ... | ||
| 650 |
_aIntroducción _920612 |
||
| 650 |
_aCarácter _916709 |
||
| 650 |
_aPsicología _91538 |
||
| 700 |
_aLeal, Anibal _937100 |
||
| 942 |
_2ddc _cLIBROS |
||
| 945 |
_arah _d07/05/2019 |
||